Rappers by Albums - Statistics

General Stats
  • This quiz has been taken 546 times
  • The average score is 13 of 20
Answer Stats
Album Rapper % Correct
ASTROWORLD Travis Scott
99%
808s and Heartbreak Kanye West
87%
If you're reading this it's too late Drake
85%
17 XXXTentacion
85%
i am > i was 21 Savage
79%
4:44 Jay Z
79%
Get Rich or Die Tryin' 50 cent
77%
Death race for love Juice WRLD
77%
THE GOAT Polo G
70%
Recovery Eminem
68%
LIFE'S A TRIP Trippie Redd
65%
Shoot for the stars aim for the moon Pop Smoke
61%
Shmurdaville Bobby Shmurda
58%
My Turn Lil Baby
57%
1999 Joey Bada$$
48%
DUMMY BOY 6ix9ine
43%
Bobby Tarantino Logic
33%
AmeriKKKa's Most Wanted Ice Cube
31%
Feed Tha Streets II Roddy Ricch
29%
F*CK LOVE The Kid LAROI
29%
No matching quizzes found
Score Distribution
Percent of People with Each Score
Percentile by Number Answered
Your Score History
You have not taken this quiz